Quizzes
Events
Quiz Creation
Community
Videos
Private Events
Remove Ads
Sign In
Join for FREE
Feedback
Dark Mode
Quiz Categories
Sports
Geography
Music
Movies
Television
Just For Fun
Miscellaneous
History
Literature
Language
Science
Gaming
Entertainment
Religion
Holiday
For Kids
Quiz Lab
Recent
Popular Today
Quiz Kudos Today
Editor Picks
Curator Picks
Quizzes by...
Day
Popularity
Type
Ratings
Length
Year
Community
Subscriptions
Recent Discussions
Orange Saloon
Badges
Playlists
Quests
Create
Leaderboards
Showdown
Live 5
Trivia Bingo
Activity
Puzzle Library
Sporcle Events
Private Events
Virtual Trivia
Globe League
Become a Host
Pub Owners
SporcleCon
Opinionation
Our Games
Videos
Blog
Mobile Apps
Partnerships
Remove Ads and Go Orange
Feedback
Sports
Athletes
MLB
NBA
NHL
NFL
Soccer
Sports Teams
WWE
NCAA
Football
Premier League
Basketball
Baseball
Hockey
Golf
Tennis
Cricket
Rugby
Auto Racing
Olympics
World Cup
Sports
Athletes
MLB
NBA
NHL
NFL
Soccer
Sports Teams
WWE
NCAA
Football
Premier League
Basketball
Baseball
Hockey
Golf
Tennis
Cricket
Rugby
Auto Racing
Olympics
World Cup
Random Quiz
Search Sporcle
×
Quiz Lab
Quiz Lab
Sports
War
Type in answers that appear in a list
Type in answers that appear in a list
Classic
Best Score? Go Orange.
MLB Leaders: Top 10 in Situational WAR (2000s) Stats
Can you name the top 10 players in the AL and NL in Situational Wins Above Replacement during the 2000s? (see note)
By
slacktivist
20m
208 Questions
161 Plays
161 Plays
161 Plays
Comments
Comments
Give Quiz Kudos
Give Quiz Kudos
-
- Ratings
hide this ad
Replay
Link that replays current quiz
Next Quiz
Link to next quiz in quiz playlist
You Got
0%
They Got
Avg Score
75%
Avg Friend Score
Upgrade to see
Score Distribution
Jump to the score distribution portion of the page
Score
0/208
Timer
20:00
0
Plays Today
WAR Pos
Player
% Correct
2000 National League
Barry Bonds
93.8%
2003 National League
Barry Bonds
93.8%
2001 National League
Barry Bonds
93.8%
2004 National League
Barry Bonds
93.8%
2002 National League
Barry Bonds
93.8%
2005 National League
Albert Pujols
93.2%
2006 American League
David Ortiz
93.2%
2003 National League
Albert Pujols
93.2%
2005 American League
David Ortiz
93.2%
2004 National League
Albert Pujols
93.2%
2007 National League
Albert Pujols
93.2%
2006 National League
Albert Pujols
93.2%
2008 National League
Albert Pujols
93.2%
2009 National League
Albert Pujols
93.2%
2001 American League
Alex Rodriguez
92.5%
2000 American League
Alex Rodriguez
92.5%
2005 American League
Alex Rodriguez
92.5%
2004 American League
Alex Rodriguez
92.5%
2003 American League
Alex Rodriguez
92.5%
2002 American League
Alex Rodriguez
92.5%
2007 American League
Alex Rodriguez
92.5%
2006 American League
Francisco Rodriguez
92.5%
2007 National League
Chase Utley
91.9%
2006 National League
Andruw Jones
91.9%
2003 American League
Pedro Martinez
91.9%
2002 National League
Andruw Jones
91.9%
2005 National League
Chipper Jones
91.9%
2007 National League
Chipper Jones
91.9%
2005 American League
Victor Martinez
91.9%
2000 National League
Andruw Jones
91.9%
2005 National League
Andruw Jones
91.9%
2000 American League
Pedro Martinez
91.9%
2005 National League
Chase Utley
91.9%
2006 National League
Chase Utley
91.9%
2008 National League
Chase Utley
91.9%
2009 National League
Chase Utley
91.9%
2003 American League
Manny Ramirez
91.3%
2006 National League
Hanley Ramirez
91.3%
2007 National League
Aramis Ramirez
91.3%
2001 American League
Manny Ramirez
91.3%
2008 National League
Hanley Ramirez
91.3%
2004 American League
Ichiro Suzuki
90.7%
2006 American League
Derek Jeter
90.7%
2005 National League
Derrek Lee
90.7%
2001 American League
Ichiro Suzuki
90.7%
2009 American League
Derek Jeter
90.7%
2008 American League
Cliff Lee
90.7%
2000 National League
Todd Helton
90.1%
2000 National League
Randy Johnson
90.1%
2002 National League
Randy Johnson
90.1%
2004 National League
Todd Helton
90.1%
2001 National League
Randy Johnson
90.1%
2004 National League
Randy Johnson
90.1%
2001 National League
Todd Helton
90.1%
2006 National League
Ryan Howard
89.4%
2009 National League
Josh Johnson
89.4%
2008 American League
Joe Mauer
89.4%
2009 American League
Joe Mauer
89.4%
2005 American League
Vladimir Guerrero
88.8%
2002 National League
Vladimir Guerrero
88.8%
2004 American League
Vladimir Guerrero
88.8%
2002 National League
Curt Schilling
88.8%
2001 American League
Jason Giambi
88.8%
2002 American League
Jason Giambi
88.8%
2004 American League
Curt Schilling
88.8%
2001 National League
Curt Schilling
88.8%
2008 American League
Zack Greinke
87.6%
2009 American League
Zack Greinke
87.6%
2003 American League
Roy Halladay
87%
2006 National League
Carlos Beltran
87%
WAR Pos
Player
% Correct
2002 American League
Roy Halladay
87%
2001 National League
Larry Walker
87%
2002 National League
Larry Walker
87%
2008 National League
Carlos Beltran
87%
2008 American League
Roy Halladay
87%
2009 American League
Evan Longoria
87%
2005 American League
Roy Halladay
87%
2004 National League
Lance Berkman
86.3%
2001 National League
Sammy Sosa
86.3%
2001 National League
Lance Berkman
86.3%
2007 American League
Roberto Hernandez
86.3%
2008 National League
Lance Berkman
86.3%
2008 American League
Dustin Pedroia
86.3%
2002 National League
Jeff Kent
85.1%
2004 American League
Miguel Tejada
84.5%
2004 American League
Johan Santana
84.5%
2002 American League
Miguel Tejada
84.5%
2005 American League
Johan Santana
84.5%
2007 American League
CC Sabathia
84.5%
2006 American League
Johan Santana
84.5%
2008 National League
Johan Santana
84.5%
2009 American League
CC Sabathia
84.5%
2006 American League
Adrian Beltre
83.9%
2004 National League
Adrian Beltre
83.9%
2008 American League
Ervin Santana
83.9%
2003 American League
Carlos Delgado
83.2%
2007 National League
David Wright
83.2%
2000 American League
Carlos Delgado
83.2%
2008 National League
David Wright
83.2%
2009 National League
Prince Fielder
82%
2002 American League
Jim Thome
81.4%
2009 American League
Justin Verlander
81.4%
2002 National League
Bobby Abreu
80.7%
2002 National League
Roy Oswalt
80.7%
2007 National League
Roy Oswalt
80.7%
2005 National League
Roy Oswalt
80.7%
2000 National League
Bobby Abreu
80.7%
2003 National League
Kerry Wood
80.1%
2000 American League
Troy Glaus
80.1%
2002 National League
Scott Rolen
80.1%
2004 National League
Scott Rolen
80.1%
2006 American League
Jermaine Dye
80.1%
2000 National League
Greg Maddux
79.5%
2007 American League
Magglio Ordonez
79.5%
2009 National League
Chris Carpenter
79.5%
2005 National League
Roger Clemens
78.9%
2001 American League
Bret Boone
78.9%
2000 American League
David Wells
78.9%
2006 American League
Vernon Wells
78.9%
2008 National League
Tim Lincecum
78.9%
2009 National League
Tim Lincecum
78.9%
2001 American League
Bernie Williams
78.3%
2008 National League
Matt Holliday
78.3%
2006 National League
John Smoltz
77.6%
2000 National League
Jim Edmonds
77.6%
2004 National League
Jim Edmonds
77.6%
2002 American League
Barry Zito
75.8%
2005 National League
Andy Pettitte
75.2%
2003 American League
Nomar Garciaparra
75.2%
2000 American League
Johnny Damon
75.2%
2000 American League
Nomar Garciaparra
75.2%
2003 American League
Tim Hudson
75.2%
2008 American League
Carlos Pena
75.2%
2002 American League
Tim Hudson
75.2%
2003 National League
Carlos Zambrano
74.5%
2005 National League
Carlos Zambrano
74.5%
2005 American League
Travis Hafner
73.9%
2001 American League
Mike Mussina
73.9%
2003 American League
Mike Mussina
73.9%
2009 American League
Ben Zobrist
73.9%
WAR Pos
Player
% Correct
2005 American League
Mark Buehrle
73.9%
2001 National League
Shawn Green
73.3%
2007 National League
Troy Tulowitzki
72.7%
2003 National League
Javy Lopez
72.7%
2003 National League
Mark Prior
72%
2006 American League
Grady Sizemore
72%
2009 National League
Adam Wainwright
71.4%
2003 American League
Mark Mulder
71.4%
2007 National League
Brandon Webb
69.6%
2000 American League
Darin Erstad
69.6%
2000 National League
Brian Giles
69.6%
2001 National League
Brian Giles
69.6%
2002 American League
Darin Erstad
69.6%
2006 National League
Brandon Webb
69.6%
2003 National League
Marcus Giles
68.9%
2007 National League
Jake Peavy
68.9%
2005 National League
Jake Peavy
68.9%
2004 American League
Mariano Rivera
68.3%
2009 National League
Ryan Zimmerman
68.3%
2005 National League
Dontrelle Willis
67.7%
2007 American League
Josh Beckett
66.5%
2007 American League
Curtis Granderson
65.2%
2006 National League
Bill Hall
64.6%
2007 American League
James Shields
62.7%
2001 American League
Eric Chavez
62.1%
2004 American League
Eric Chavez
62.1%
2001 American League
Roberto Alomar
61.5%
2000 National League
Kevin Brown
61.5%
2004 American League
Melvin Mora
59%
2005 American League
Brian Roberts
59%
2003 National League
Jason Schmidt
59%
2004 National League
Jason Schmidt
59%
2004 National League
J.D. Drew
58.4%
2008 American League
Nick Markakis
57.8%
2008 American League
Jon Lester
57.1%
2009 American League
Jon Lester
57.1%
2009 American League
Chone Figgins
55.9%
2001 National League
Rich Aurilia
52.2%
2001 American League
Mike Cameron
51.6%
2004 American League
Brad Radke
50.9%
2000 American League
Brad Radke
50.9%
2000 National League
Edgardo Alfonzo
50.3%
2006 National League
Bronson Arroyo
50.3%
2007 American League
Placido Polanco
50.3%
2002 American League
Kenny Rogers
49.7%
2003 National League
Javier Vazquez
49.7%
2001 National League
Javier Vazquez
49.7%
2006 American League
Carlos Guillen
47.2%
2005 American League
Tim Wakefield
46.6%
2003 American League
Esteban Loaiza
46%
2006 American League
Jonathan Papelbon
44.7%
2003 National League
Eric Gagne
44.1%
2009 National League
Dan Haren
43.5%
2006 American League
Chien-Ming Wang
41.6%
2008 National League
Ryan Dempster
41.6%
2004 American League
Joe Nathan
39.1%
2006 American League
Joe Nathan
39.1%
2007 American League
Erik Bedard
37.9%
2005 American League
Jon Garland
35.4%
2003 American League
Hank Blalock
33.5%
2008 American League
John Danks
33.5%
2003 National League
Mark Loretta
31.1%
2009 National League
Jair Jurrjens
30.4%
2009 American League
Franklin Gutierrez
30.4%
2007 National League
Aaron Rowand
27.3%
2002 American League
Randy Winn
24.2%
2000 American League
Keith Foulke
18.6%
2007 American League
J.J. Putz
11.2%
Quiz Playlist
Details
Report
Send in Message
Add To Playlist
Classic:
Type in answers that appear in a list
Last Updated: Nov 23, 2017
Quiz Scoreboard
CHALLENGE
Sign Up to Join the Scoreboard
Show All
Scores
Hide
Comments
May contain spoilers
Recently Published
College Basketball Coaching Resumes
by pancakes188
Sports
9m
Billboard Blitz: Fleetwood Mac
by CooCooCachoo
Music
15s
Presidents Visiting Landmarks
by Hejman
History
7m
More to Explore
Quiz From the Vault
Featured Blog Post
Where Did the Easter Bunny Come From?
hide this ad
You Might Also Like...
Tags
MLB Quiz
War Quiz
2000
Leader
note
Player
pos
replacement
situational
team
Win
Today's Top Quizzes in Sports
Browse Sports
hide this ad
Today's Top Quizzes in War
Browse War
Top Contributed Quizzes in Sports
1
2022 World Cup Stars
2
Les meilleurs buteurs des matchs entre le PSG et l’OM
3
FIFA Club World Cup Champions
4
Les entraîneurs de l'OM et du PSG au 21e siècle
5
Criteria MLB: Left Handed Sluggers
6
AFC Teams Reveal (Wrong Answers Minefield)
7
5-to-1: UK Sports Teams
8
5-to-1: FBS Animal Nicknames
9
2023 MLB Unique Player Accomplishments
10
Name the Premier League winners with different clubs
Explore More
Trending Topics
Harry Potter
Kpop
Disney
Crossword
NBA
Anime
Marvel
WWE
NFL
Country
Pokémon
The Office
Song
Puzzle
Soccer
hide this ad
More By:
slacktivist
Quiz
Plays
Rating
Category
Featured
Created
MLB Teams: Last 10 Hitters with .300 Seasons
25,603
4.78
Sports
Apr 26, 2017
MLB: 40 Wins Above Replacement for One Team
12,385
4.81
Sports
Apr 7, 2014
MLB Leaders: Top 10 HR Hitters, Last 30 Seasons
7,156
4.91
Sports
Aug 6, 2015
MLB Leaders: Top 300 Players in Career Home Runs
6,798
4.88
Sports
Feb 6, 2019
MLB: 2010s All-Decade Teams by Career WAR
5,496
4.93
Sports
Mar 25, 2017
Go to Creator's Profile
Score Distribution
Quiz Creator Spotlight
slacktivist
Follow
Send a Message
Quizzes Created
-
Created Quiz Play Count
-
More By This Creator
Popular Quizzes Today
1
Find the US States - No Outlines Minefield
2
Find the Countries of Europe - No Outlines Minefield
3
The Countries of the World
4
Find the US States
5
Risky Map Clicking: Biggest States A-Z
6
US States
7
Popular People in 1961
8
Movies - When Are They Set?
More Sports Quizzes
Italia Serie A Top 4 Since 1971
Quiz Lab
Trending Quizzes
Risky Map Clicking: Least Populous States A-Z
1-10 Letter G Words
1-10 Letter F Words
Risky Map Clicking: Next State Alphabetically
Risky Map Clicking: Biggest States A-Z
Recently Updated
Leaping Animals
pecheneg
Reality TV Shows (A-Z)
bhenderson79
Rickey Henderson's Hall of Fame Teammates
pecheneg
Champions League XIs: Arsenal
pecheneg
Quick Pick: Celebrities in WWE's Hall of Fame
aduchscher
A-Z Keypad Blitz II
pecheneg
Multiple Oscar Actors
pecheneg
Mystery Phrase Blitz: Oscar 'Best Actors'
pecheneg
F. Scott Fitzgerald Novels
LTH
Pick 3 Villains
ddd62291
Trending Topics
NBA
Kpop
Marvel
Disney
Harry Potter
Anime
Crossword
Pokémon
Song
Puzzle
WWE
Soccer
Country
The Office
NFL
Your Account Isn't Verified!
In order to create a playlist on Sporcle, you need to verify the email address you used during registration. Go to your
Sporcle Settings
to finish the process.
Report this User
Report this user for behavior that violates our
Community Guidelines
.
Details:
Send Report
Go to the Sporcle.com Mobile Site →
Comments